| 000 | 00378nam a22001457a 4500 | ||
|---|---|---|---|
| 005 | 20151207154424.0 | ||
| 008 | 151207b xxu||||| |||| 00| 0 eng d | ||
| 040 | _cPK-LaUMT | ||
| 082 |
_aMSC 923.5 _bJAL-C |
||
| 100 | _aجلیس سلاسل | ||
| 245 |
_aکورٹ مارشل _cجلیس سلاسل |
||
| 260 |
_aکراچی _bالجلیس _c1999 |
||
| 300 | _a288 ص | ||
| 942 | _cBK | ||
| 999 |
_c80667 _d80667 |
||